Asia-Pacific cases in strategic management / (Record no. 105738)

MARC details
000 -LEADER
fixed length control field 00558cam a2200181 4500
008 - FIXED-LENGTH DATA ELEMENTS--GENERAL INFORMATION
fixed length control field 050303t20002000mau 000 0 eng u
020 ## - INTERNATIONAL STANDARD BOOK NUMBER
International Standard Book Number 0072395451
050 00 - LIBRARY OF CONGRESS CALL NUMBER
Classification number HD30.28
-- 43 2000
100 1# - MAIN ENTRY--PERSONAL NAME
Personal name Beamish, Paul W.
245 10 - TITLE STATEMENT
Title Asia-Pacific cases in strategic management /
Statement of responsibility, etc Paul W. Beamish.
260 ## - PUBLICATION, DISTRIBUTION, ETC. (IMPRINT)
Place of publication, distribution, etc Boston :
Name of publisher, distributor, etc Irwin/McGraw-Hill,
Date of publication, distribution, etc 2000
300 ## - PHYSICAL DESCRIPTION
Extent xxiv, 408 p. :
Other physical details il. ;
Dimensions 24 cm.
504 ## - BIBLIOGRAPHY, ETC. NOTE
Bibliography, etc Incluye apéndice e índice
506 ## - RESTRICTIONS ON ACCESS NOTE
Terms governing access Rec. prop. esc.
650 10 - SUBJECT ADDED ENTRY--TOPICAL TERM
Topical term or geographic name as entry element Planeación estratégica
Geographic subdivision Asia
942 ## - ADDED ENTRY ELEMENTS (KOHA)
Source of classification or shelving scheme Biblioteca del Cogreso de los Estados Unidos
Koha item type Libro
Holdings
Estado de pérdida Fuente de clasificación Estado del daño No para préstamo Ubicación permanente Ubicación actual Apartado o colección Fecha de adquisición Edición Dependencia de educación superior (DES) Área del conocimiento Clasificación Código de Barras Date last seen Número de copia Tipo de recurso
  Biblioteca del Cogreso de los Estados Unidos     Biblioteca del Instituto de Investigaciones Económicas y Empresariales Biblioteca del Instituto de Investigaciones Económicas y Empresariales General 18/11/2015 1a. ed. Ciencias Económico Administrativas Ciencias Sociales y Administrativas HD30.28 B43 2000 IIE000005487 18/11/2015 C:1 Libro